000 01746nam a2200241Ia 4500
999 _c55473
_d55473
001 22555
003 GE_BSU
005 20220920171007.0
008 181216s2008||||ge |||||||||||||| ||geo||
040 _cGE_BSU
041 _ageo
080 _a82 თ-15
100 _aთავაძე, სოფიო
_95013
245 _aთემატური ნოვაციები და სტილისტური ტენდენციები "სამოციანელთა" შემოქმედებაში : დისერტაცია /
_cსოფიო თავაძე; სამეცნიერო ხელმძვანელი ო. თაბუკაშვილი; ბათუმის შოთა რუსთაველის სახელმწიფო უნივერსიტეტი, ჰუმანიტარულ მეცნიერებათა ფაკულტეტი.
264 _aბათუმი,
_b
_c2008.
300 _a143 გვ. ;
_b30 სმ.
653 _aთემატური ნოვაციები და სტილისტური ტენდენციები "სამოციანელთა" შემოქმედებაში
653 _aხელოვნება
653 _aდისერტაცია
700 _aთაბუკაშვილი, ო.
_eსამეცნიერო ხელმძვანელი
_910567
710 _aბათუმის შოთა რუსთაველის სახელმწიფო უნივერსიტეტი
_bჰუმანიტარულ მეცნიერებათა ფაკულტეტი.
_911844
942 _cBK
_2udc